000 00315 a2200145 4500
001 57125
020 _a8500215828
040 _cAnchieta - Pituba
100 _aLessa, OrĂ­genes
240 1 0 _aA escada de nuvens
_lpor
245 1 0 _aA escada de nuvens
300 _a87
650 4 _aLiteratura juvenil
942 _cBK
999 _c57125
_d57125